000 00268nam a22000977a 4500
008 230919b |||||||| |||| 00| 0 eng d
020 _a9789389823929
100 _aKIBUISHI KAZU
_97631
245 _aAMULET-2 (THE STONE KEEPER'S CURSE)
260 _aNEWYORK
_bSCHOLASTIC
_c2008
999 _c12415
_d12415